| 000 | 00385nam a22001337a 4500 | ||
|---|---|---|---|
| 008 | 131202b xxu||||| |||| 00| 0 eng d | ||
| 050 | _aPR1174.B474 | ||
| 100 |
_aBenson, Gerald _94628 |
||
| 245 |
_a100 poems on the underground _c Gerald Benson |
||
| 260 |
_aLondon _bCassell _c1991 |
||
| 300 |
_a144p.; _c23cm. |
||
| 650 |
_aEnglish poetry _xCollection _94629 |
||
| 942 |
_2lcc _cMONOGRAPH |
||
| 999 |
_c118918 _d118918 |
||